000 01006cam a2200289 a 4500
001 000006979
005 20260522124740.0
008 930513s1992 sp b 001 0bspa
020 _a847223648X
040 _aDO-SdBNP
_bspa
_cDLC
_dBNPHU
082 _a923.546
_bF825t
100 1 _aTusell, Javier,
_d1945-2005
_q(Javier Tusell Gómez)
_919397
245 1 0 _aFranco en la guerra civil :
_buna biografía política /
_cJavier Tusell.
260 _aBarcelona :
_bTusquets,
_c1992.
300 _a428 p. ;
_c23 cm.
490 0 _aAndanzas
_v177
504 _a"Fuentes y bibliografía": p. 393-399.
500 _aIncluye índice.
600 1 4 _aFranco, Francisco,
_d1892-1975.
_919398
651 4 _aEspaña
_xPolítica Y Gobierno
_y1931-1939.
_918898
650 4 _aJefes de estado
_zEspaña
_xBiografía.
_919399
650 0 _aGENERALES
_zESPAÑA
_xBIOGRAFÍAS
_919400
651 4 _aEspaña
_xGuerra Civil
_y1936-1939
_919401
830 0 _aAndanzas ;
_v177
_918113
910 _aCatalogación derivada
049 _aBNGR
999 _c6763
_d6763